silver springs fleetwood Mac lyrics - Statistics

General Stats
  • This quiz has been taken 284 times
  • The average score is 194 of 251
Answer Stats
Hint Answer % Correct
i
99%
. you
99%
my
97%
silver
96%
spring
96%
be
94%
could
94%
love
94%
a
93%
me
89%
on
89%
that
89%
so
87%
know
86%
would
85%
the
84%
no
83%
loved
82%
never
81%
but
80%
of
80%
sound
80%
loves
77%
time
77%
will
77%
spell
76%
and
75%
not
75%
your
75%
down
74%
ill
74%
let
74%
voice
74%
follow
73%
dont
72%
forget
72%
wont
72%
have
71%
pretty
71%
she
71%
haunt
70%
say
70%
colors
69%
from
69%
get
69%
wanna
69%
was
69%
woman
69%
blue
68%
away
67%
baby
67%
to
67%
green
65%
did
64%
flashing
62%
dream
61%
only
61%
youll
60%
shes
58%
just
56%
fool
52%
casts
50%
til
50%
can
48%
it
48%
ocean
48%
oh
48%
tell
48%
shining
43%
chance
42%
give
42%
worth
40%
crashing
38%
begin
36%
ago
33%
see
32%
years
32%
around
30%
myself
28%
turn
28%
running
23%
autumn
18%
No matching quizzes found
Score Distribution
Percent of People with Each Score
Percentile by Number Answered
Your Score History
You have not taken this quiz